00490 2200169 4500245004400000250001100044700001300055700001800068650003600086005001900122260009300141041001400234084000800248300001800256490003700274336000900311 aBentuk dan Pilihan KatacMustakimhText aCet. 1 aMustakim aEbah Suhaebah aTata Penulisan Bahasa Indonesia a20241104081802 aJakartabPusat Pembinaan Bahasa dan Sastra Badan Pengembangan Bahasa dan Perbukuanc2019 aIndonesia a411 aix :c85 hlm. aSeri Penyuluhan Bahasa Indonesia atext